| 000 | 00868nam a2200241Ii 4500 | ||
|---|---|---|---|
| 003 | JO-AjNU | ||
| 008 | 230605s9999||||xx |||||||||||||| ||und|| | ||
| 017 | _a1425/6194 | ||
| 020 | _a9960-04-518-8/9960-04-517-X | ||
| 040 |
_aJO-AjNU _bara _erda _cJO-AjNU |
||
| 041 | _aara | ||
| 050 | 1 | 4 | _aBP3975.U239 2004 |
| 100 | 3 |
_aإعداد: العبيدي، حسين بن عبد الله, _eauthor _943511 |
|
| 245 | 0 | 0 | _aالأرش وأحكامه، ج1 |
| 250 | _aط1 | ||
| 264 | 3 | 1 | _aالرياض: جامعة الامام محمد بن سعود، 2004 |
| 300 | _aج1، 1-525 ص | ||
| 336 |
_atext _btxt _2rdacontent |
||
| 337 |
_aunmediated _bn _2rdamedia |
||
| 338 |
_avolume _bnc _2rdacarrier |
||
| 490 | 0 | _aسلسلة مشروع وزارة التعليم العالي لنشر الف رسالة علمية 54 | |
| 650 | 4 |
_aالديات- فقه اسلامي _943512 |
|
| 999 |
_aA18711 _c22279 _d22279 |
||